| 000 | 00000nam##2200000za#4500 |
| 001 | 9.625825 |
| 003 | CaOODSP |
| 005 | 20241210082332 |
| 007 | ta |
| 008 | 150406|2001||||xxc||||| f|0| 0 fre|d |
| 020 | |a0-662-86319-4 |
| 022 | |a1192-5434 |
| 040 | |aCaOODSP|bfre |
| 043 | |an-cn--- |
| 086 | 1 |aFB3-2/101-14F |
| 110 | 2 |aBanque du Canada. |
| 245 | 10|aL'effet de la richesse sur la consommation aux États-Unis / |cpar Yanick Desnoyers. |
| 260 | |aOttawa - Ontario : |bBanque du Canada |c2001. |
| 300 | |av, 36p. : |bgraphiques, tableaux ; |c28 cm. |
| 490 | 1 |aDocument de travail|x1192-5434|v2001-14 |
| 500 | |a«La forte augmentation de la richesse au cours de la deuxième moitié des années 1990 a générée l'équivalent d'un certain montant d'épargne et, du même coup, un glissement important du taux d'épargne des ménages. Dans la présente étude, l'auteur tente d'expliquer cette baisse importante du taux d'épargne observée depuis 1995.»--Résumé. |
| 504 | |aBibliographie. |
| 520 | 3 |aLa forte augmentation de la richesse au cours de la deuxième moitié des années 1990 a générée l'équivalent d'un certain montant d'épargne et, du même coup, un glissement important du taux d'épargne des ménages. Dans la présente étude, l'auteur tente d'expliquer cette baisse importante du taux d'épargne observée depuis 1995.--Résumé |
| 546 | |aAbstract in English |
| 563 | |aCouverture souple |
| 590 | |a01-40|b2001-10-05 |
| 691 | 07|aTaux d'intérêt|2gcpds |
| 691 | 07|aMarché|2gcpds |
| 691 | 07|aPolitique monétaire|2gcpds |
| 691 | 07|aTaux de change|2gcpds |
| 691 | 07|aPrix|2gcpds |
| 720 | 1 |aDesnoyers, Yanick |
| 776 | 0#|tL'effet de la richesse sur la consommation aux États-Unis / |w(CaOODSP)9.603802 |
| 830 | #0|aDocument de travail,|x1192-5434|v2001-14|w(CaOODSP)9.513013 |